00494 a2200145 450000100060000008200120000609000170001810000640003524500740009926000260017330000130019994200220021299900190023495200950025392356 aPR 2581 c44325d44326 aM. Naveed, Prof Haris Ali and Dr. Muhammad Babar (Advisors) aStructural Analysis of Mounting Shroud of C - 130 Aircraftn79 'A' EC aIslamabadbNUSTc2015 axii,66p. aCAE NUSTkPR 2581 c327429d327429 001040708NFICaCAEbCAEd2017-04-03l0oPR 2581pCAEPR-2581r2017-04-05w2017-04-05yBK